<A> comparative analysis of the socio-economic consequences of transition processes in central and eastern european countries proceedings of the 12th Polish-Slovak-Ukrainian scientific seminar organized by the Department of Demography of the Cracow University of Economics

Salvato in:
Dettagli Bibliografici
Enti autori: A comparative analysis of the socio-economic consequences of transition processes in central and eastern european countries. Scientific seminar, Akademia Ekonomiczna w Krakowie
Altri autori: Pociecha, Józef
Natura: Libro
Lingua:inglese
Pubblicazione: Krakow Akademia Ekonomiczna w Krakowie 2006
Soggetti:
Tags: Aggiungi Tag
Nessun Tag, puoi essere il primo ad aggiungerne!!

MARC

LEADER 00000nam$a2200000$$$4500
001 0050568
005 20240318114155.1
020 |a 83-7252-328-2 
041 0 |a eng 
044 |a PL 
245 1 0 |a <A> comparative analysis of the socio-economic consequences of transition processes in central and eastern european countries  |b proceedings of the 12th Polish-Slovak-Ukrainian scientific seminar organized by the Department of Demography of the Cracow University of Economics  |c edited by Józef Pociecha 
264 1 |a Krakow  |b Akademia Ekonomiczna w Krakowie  |c 2006 
300 |a 204 s. 
610 2 0 |a analýza komparatívna 
610 2 0 |a krajiny tranzitívne 
610 2 0 |a stredná Európa 
610 2 0 |a východná Európa 
610 2 0 |a sociológia 
610 2 0 |a 2005 
700 1 |a Pociecha, Józef 
110 2 |a A comparative analysis of the socio-economic consequences of transition processes in central and eastern european countries. Scientific seminar 
710 2 |a Akademia Ekonomiczna w Krakowie